| 000 | 00339nam a22001337a 4500 | ||
|---|---|---|---|
| 020 | _a0132540126 | ||
| 040 | _cNust | ||
| 082 |
_a621..815 _bNOR |
||
| 100 |
_aRobert L. Norton _953948 |
||
| 245 |
_aMachine design _bAn integrated approach |
||
| 260 |
_aNew Jersey: _bPrentice Hall. _c1996. |
||
| 650 | _aMachine design | ||
| 942 |
_2ddc _cBK |
||
| 999 |
_c612608 _d612608 |
||